000 00289nam a22001337a 4500
008 170223b xxu||||| |||| 00| 0 eng d
020 _a0443084815
041 _aeng
080 _22ND
_a616.31
100 _a5
101 _aSHK
245 _aOPERATIVE SURGERY
_cGREEN, D.P
942 _2udc
_cBK
999 _c6142
_d6142